000 00444nam a2200169Ia 4500
003 GCL
008 140319s9999 xx 000 0 eng d
040 _aGCL /
_cGCL
082 0 4 _a128
_bA D
100 1 _aAYER, A. J.
245 1 0 _aA DICTIONARY OF PHILOSOPHICAL QUOTATIONS /
_cAYER, A. J.
700 1 _aGRADY, JANE O.
260 _a[S.N] :
_bBLACK WELL ،
_c1992
300 _a527 P
650 0 4 _aPHILOSOPHY - DICTIONARIES
942 _2ddc
_cBK
999 _c21030
_d21030